000 00492nam a2200181Ia 4500
008 090124s9999 xx 000 0 und d
082 _b127889
100 _aअभ्यंकर कुसुम
245 _a कठपुतली
250 _a1
260 _c1973
300 _a260
600 _aअभ्यंकर कुसुम
630 _a कठपुतली
700 _aअभ्यंकर कुसुम
730 _a कठपुतली
942 _cBOOK
999 _c173978
_d173978